000 00507nam a2200145Ia 4500
008 090122s9999 xx 000 0 und d
082 _b7534
_aYZ : 1
100 _aकुलकर्णी
_b
_c
245 _aहेमांगी घरकुल हवय ना?
600 _aकुलकर्णी
630 _aहेमांगी घरकुल हवय ना?
700 _aकुलकर्णी
730 _aहेमांगी घरकुल हवय ना?
942 _cBOOK
999 _c31611
_d31611